| 000 | 00512cam a22001934a 4500 | ||
|---|---|---|---|
| 005 | 20250605164402.0 | ||
| 008 | 250528s ||||||||||||||||||||||||d | ||
| 035 | _a24645 | ||
| 040 |
_aGR-AtMCL _bgre _dGR-AtMCL _eAACR2 |
||
| 245 | 1 | _aJohn Parrott President and CEO, Foss | |
| 260 | _c2018 | ||
| 300 | _a104 | ||
| 520 | _aMerger Mania, Winds of Change, Cool Tech. | ||
| 700 | 1 |
_aMunoz Tony _99497 |
|
| 942 | _cCR | ||
| 710 | 2 |
_aThe Maritime Executive _99838 |
|
| 999 |
_c9512 _d9512 |
||